000 00694nam a2200217Ia 4500
003 GCL
008 140319s9999 xx 000 0 ara d
040 _aGCL /
_cGCL
082 0 4 _aق
_b309.62
_bم ا
100 1 _aبشير السباعى
245 1 0 _aاستعمار مصر /
_cبشير السباعى
700 1 _aاحمد حسان
700 1 _aميتشل , تيموثى
490 _a
650 0 4 _aالاحوال الاجتماعية
650 0 4 _aرفاعة الطهطاوى
650 0 4 _aعلى مبارك , التعليم
650 0 4 _aالقاهرة - القرن 19 - تخطيط
650 0 4 _aمصر - تاريخ - العصر الحديث (1805 - 1956 )
942 _2ddc
_cBK
999 _c47870
_d47870